000 01237nam0a22002891 4500
001 RU\NLR\INFOCOMM_161\5000059981
005 20260407104850.0
010 _9700 экз.
_d[Б. ц.]
035 _a(NLR Aleph) 009164087
090 _a8471976
_c8471976
100 _a20100212d1933 |||y0rusy50 ca
101 0 _ager
102 _aRU
105 _aa ||||000|y
200 1 _aˆ...‰ Einige statistische Angaben und Eigentümlichkeiten der Überschwemmungen in der Newamündung
_fE. V. Bruns (UdSSR)
_gIV hydrologische Konferenz der Baltischen Staaten. Leningrad, September 1933
210 _a[Ленинград]
_d[1933]
_gТип. "Сов. печатник"
215 _a9 с.
_cграф.
_d23×16 см
606 _aНаводнения
_yНева
_2nlr_sh1
606 _aНаводнения
_yЛенинград
_2nlr_sh1
606 _aГидрология
_xСъезды
_2nlr_sh1
700 1 _4070
_7ba
_8rus
_aBruns
_bÉ. V.
_f1900-1978
_gÉrik Viktorovič
_9260876
_3RU\NLR\AUTH\770260932
712 1 2 _4570
_8ger
_aHydrologische Konferenz der Baltischen Staaten
_d4
_f1933
_eLeningrad
_7ba
_3RU\NLR\AUTH\8810060473
_9622310
801 1 _aRU
_bNLR
_c20100212
801 0 _aRU
_bNLR
_gPSBO
852 _aNLR
_jD11/140
_y2 экз.
942 _cBOOK
980 _aNB